000 00610nam a22002057a 4500
999 _c16302
_d16302
003 AR-CdUCM
008 190503b ||||| |||| 00| 0 spa d
040 _aMUNICIPALIDAD PROVINCIAL DEL CUSCO
_cBIBLIOTECA MUNICIPAL DEL CUSCO
082 _a869.56 /
_bR63
100 _aRios, Juan
_912443
245 _aAyar Manko /
260 _aLima :
_bEdiciones de la comision nacional de cultura,
_c1963.
300 _a170 paginas ;
_c18 cm.
500 _aHistoria y literatura
650 _aHistoria
_9136
650 _aLiteratura
_983
650 _aHistoria
_9136
942 _2ddc
_cLIBROS
945 _apjha
_d2019-05-03